000 00331nam a2200133 i 4500
001 bg
100 1 _aZDROJEWSKI, Stanisław Zygmunt
245 0 _aFizyka cząsteczkowa /
_cStanisław Zygmunt Zdrojewski.
260 _aKielce,
_c1975.
040 _cBPK
041 _apol
942 _cKS
008 s pl f |000 0 pol
999 _c16419
_d16419
856 _uhttp://koha.tu.koszalin.pl/cgi-bin/koha/opac-detail.pl?biblionumber=16419
_yKatalog online BPK